การบริหารความขัดแย้งในองค์การ (ระเบียนเลขที่ 5907)
| 000 -LEADER | |
|---|---|
| fixed length control field | 00861nam a22002057a 4500 |
| 005 - DATE AND TIME OF LATEST TRANSACTION | |
| control field | 20241022113450.0 |
| 008 - FIXED-LENGTH DATA ELEMENTS--GENERAL INFORMATION | |
| fixed length control field | s2527 th tha d |
| 041 ## - LANGUAGE CODE | |
| Language code of text/sound track or separate title | tha |
| 050 ## - LIBRARY OF CONGRESS CALL NUMBER | |
| Classification number | HD42 อ411ก 2527 |
| 100 0# - MAIN ENTRY--PERSONAL NAME | |
| Personal name | ปุระชัย เปี่ยมสมบูรณ์ |
| 245 10 - TITLE STATEMENT | |
| Title | การบริหารความขัดแย้งในองค์การ |
| 260 3# - PUBLICATION, DISTRIBUTION, ETC. | |
| Name of publisher, distributor, etc. | คณะรัฐประศาสนศาสตร์ สถาบันบัณฑิตพัฒนบริหารศาสตร์, |
| Date of publication, distribution, etc. | 2527 |
| 300 ## - PHYSICAL DESCRIPTION | |
| Extent | 195 หน้า |
| 650 04 - SUBJECT ADDED ENTRY--TOPICAL TERM | |
| Topical term or geographic name entry element | การจัดการความขัดแย้ง |
| 650 04 - SUBJECT ADDED ENTRY--TOPICAL TERM | |
| Topical term or geographic name entry element | องค์การ -- การบริหาร |
| 850 ## - HOLDING INSTITUTION | |
| Holding institution | NALT |
| 942 ## - ADDED ENTRY ELEMENTS (KOHA) | |
| Koha item type | General Book |
| Koha issues (borrowed), all copies | 1 |
| 997 ## - | |
| -- | 000000000005907 |
| 998 ## - LOCAL CONTROL INFORMATION (RLIN) | |
| -- | นางสาวสายฝน ดีงาม |
| -- | 8 |
| -- | นายบัณฑิต อุทาวงค์ |
| Withdrawn status | Lost status | Damaged status | Not for loan | Collection code | Home library | Current library | Total Checkouts | Full call number | Barcode | Date last seen | Date last checked out | Price effective from | Koha item type |
|---|---|---|---|---|---|---|---|---|---|---|---|---|---|
| General Book collection | National Assembly Library of Thailand | National Assembly Library of Thailand | 1 | HD 42 อ411ก 2527 | 3961111447 | 28/10/2024 | 22/10/2024 | 09/06/2017 | General Book |
